000 00505nam a2200169 i 4500
001 32928
003 ES-MaACL
005 20230906154650.0
007 t|
008 030131s1967 sp ||||1| spa d
100 1 _aBermúdez Polonio, Joaquín.
_928150
245 1 0 _aTeoría y práctica de la espectroscopia de rayos X /
_cJ. Bermúdez Polonio.
250 _a[1ª ed.].
260 _aMadrid, etc. :
_bAlhambra,
_c[1967]
300 _aX, 267 p. :
_bil. ;
_c20 cm.
852 _aES-MaACL
_jC-32085
_bR.62258
999 _c32928
_d32928